000 00716nam a2200193 i 4500
001 43679
003 ES-MaACL
005 20250821112014.0
007 t|
008 030318s1976 sp ||||1| spa d
100 1 _aCervera Vera, Luis.
_937646
245 1 0 _aSobre las ciudades ideales de Platón /
_cdiscurso leído por Luis Cervera Vera con motivo de su recepción y contestación de Luis Moya Blanco.
260 _aMadrid :
_bReal Academia de Bellas Artes de San Fernando,
_c1976.
300 _a81 p. :
_bil. ;
_c26 cm.
700 1 _aMoya Blanco, Luis,
_d1904-1990
_983965
710 2 _aReal Academia de Bellas Artes de San Fernando.
_96291
852 _aES-MaACL
_jL-3793
_bR.103464
999 _c43679
_d43679